000 00671nam a22001817a 4500
999 _c183596
_d183596
005 20211229141751.0
010 _aENG-130747
020 _a978-93-886-89-441
_c399.00
035 _aEN-114279
037 _bDBAD
082 _a294.517
100 _aSharma, Jyotirmaya
245 _aA Restatement of Religon:
_cJyotirmaya Sharma
_bSwami Vivekananda and the Making of Hindu Nationalism/
260 _aChennai
_bWestland Publications Private Limited
_c2003
270 _a1st Floor, A Block, East Wing, Plot No. 40, SP Info City, Dr. MGR Salai, Perungudi, Kandanchavadi
_bChennai
_e600096
300 _a238p
_c21cm(pbk)
942 _2ddc
_cEN
_h355.00092
_mARO